Normal view
MARC view
- Jensen, Finn,
Entry Personal Name
001 - CONTROL NUMBER
- control field: 103634
003 - CONTROL NUMBER IDENTIFIER
- control field: NUST
005 - DATE AND TIME OF LATEST TRANSACTION
- control field: 20221125143656.0
008 - FIXED-LENGTH DATA ELEMENTS
- fixed length control field: 221125|| aca||aabn | a|a d
040 ## - CATALOGING SOURCE
- Original cataloging agency: NUST
- Transcribing agency: NUST
100 ## - HEADING--PERSONAL NAME
- Personal name: Jensen, Finn,
- Dates associated with a name: 1937-
670 ## - SOURCE DATA FOUND
- Source citation: Work cat.: (NUST)182019: Becker, Peter W. 103632, Design of systems and circuits for maximum reliability or maximum production yield /, c1977.
